Pár slov k financiám organizácií tretieho sektoru
Účely, na ktoré je možé poukázať 2 percentá zaplatenej dane z príjmov. Kto môže byť prijímateľom 2 percent zaplatenej dane z príjmov. Zoznam prijímateľov. Zdroje financovania subjektov tretieho sektoru - 2 percentná daň z príjmov, dary, sponzorstvo, dotácie zo štátneho rozpočtu a z rozpočtu samosprá...
Salvato in:
| Autore principale: | |
|---|---|
| Natura: | Capitolo di libro |
| Lingua: | slovacco |
| Soggetti: | |
| Tags: |
Nessun Tag, puoi essere il primo ad aggiungerne!!
|
MARC
| LEADER | 00000naa$a2200000$$$4500 | ||
|---|---|---|---|
| 001 | 0036903 | ||
| 005 | 20230919095254.0 | ||
| 041 | 0 | |a slo | |
| 044 | |a SK | ||
| 245 | 1 | 0 | |a Pár slov k financiám organizácií tretieho sektoru |c Janka Chorvátová |
| 520 | |a Účely, na ktoré je možé poukázať 2 percentá zaplatenej dane z príjmov. Kto môže byť prijímateľom 2 percent zaplatenej dane z príjmov. Zoznam prijímateľov. Zdroje financovania subjektov tretieho sektoru - 2 percentná daň z príjmov, dary, sponzorstvo, dotácie zo štátneho rozpočtu a z rozpočtu samosprávy, verejné zbierky, príjmy z členských príspevkov, vlastná činnosť. | ||
| 610 | 2 | 0 | |a sektor terciárny |
| 610 | 2 | 0 | |a organizácie neziskové |
| 610 | 2 | 0 | |a financovanie |
| 610 | 2 | 0 | |a asignácia daňová |
| 610 | 2 | 0 | |a zdroje finančné |
| 100 | 1 | |a Chorvátová, Janka | |